Statistics for World Stop Signs

Click here to take the quiz!

General Stats

  • This quiz has been taken 34 times
  • The average score is 7 of 15

Answer Stats

Answer% Correct
China
85%
Japan
81%
Mexico
81%
Saudi Arabia
67%
North Korea
56%
Turkey
56%
Israel
52%
Cambodia
44%
Malaysia
44%
Mongolia
37%
Armenia
30%
Cuba
15%
Myanmar
11%
Nigeria
11%
Vanuatu
4%

Score Distribution

Percentile by Number Answered

Percent of People with Each Score

Your Score History

You have not taken this quiz